000 00518nam a2200193Ia 4500
003 GCL
008 140319s9999 xx 000 0 ara d
040 _aGCL /
_cGCL
082 0 4 _aط
_b372.72
_bع ح
100 1 _aعبدالتواب يوسف
245 1 0 _aالحساب /
_cعبدالتواب يوسف
700 1 _aمحمد شوقى
300 _a31 ص
490 _aالسلسلة العلمية
_v0
650 0 4 _aالاطفال
650 0 4 _aقصص الاطفال
650 0 4 _aالحساب
942 _2ddc
_cBK
999 _c51370
_d51370